000 02290nam0a2200421 4500
001 RU\NLR\BIBL_A\010523936
005 20260407072935.0
010 _a978-5-9940-0477-7
_9300
021 _aRU
_b2014-64798
_93949
035 _a(NILC)RuMoRGB-007543472
035 _a(NLR Aleph) 010523936
090 _a10225891
_c10225891
100 _a20141106d2014 |||y0rusy50 ca
101 0 _arus
102 _aRU
105 _ay|||z|||000yy
200 1 _aПольша и Россия: интеграция - важнейший тренд современного социального и экономического развития
_f[Городецкий А.Е., Оболенский В.П., Ясинский Л. и др.
_gотв. ред. Л. В. Никифоров, Т. Е. Кузнецова]
_gРоссийская акад. наук, Ин-т экономики
210 _aМосква
_cИн-т экономики РАН
_d2014
215 _a280, [1] с.
_d25
225 1 _aИнституты современной экономики и инновационного развития
300 _aАвт. указаны на обороте тит. л.
320 _aБиблиогр. в подстроч. примеч.
607 _aПольша
_jСборники
_xЭкономические взаимоотношения
_yРоссийская Федерация
_92405699
_3RU\NLR\AUTH\661433720
607 _aРоссийская Федерация
_jСборники
_xЭкономические взаимоотношения
_yПольша
_92405697
_3RU\NLR\AUTH\661433719
686 1 _aУ9(4П)89(2Р)
686 1 _aУ9(2Р)89(4П)
701 1 _aГородецкий
_bА. Е.
_gАндрей Емельянович
701 1 _aОболенский
_bВ. П.
_gВладимир Петрович
701 1 _aЯсинский
_bЛ.
702 1 _4340
_8rus
_7ca
_aНикифоров
_bЛ. В.
_cд-р экон. наук
_gЛев Васильевич
_3RU\NLR\auth\7733395
_916403
712 0 2 _4570
_aИнститут экономики
_cМосква
_3RU\NLR\AUTH\882985
_9277114
801 0 _aRU
_bРГБ
_c20140828
_gRCR
942 _cBOOK
980 _aNBR
980 _aNB